[Event "BL 1920 SG Turm Kiel - Aachener SV"]
[Site "?"]
[Date "2019.12.07"]
[Round "3.4"]
[White "Dziuba, Marcin"]
[Black "Lemmers, Oscar"]
[Result "1-0"]
[WhiteElo "2585"]
[BlackElo "2354"]
[PlyCount "91"]
[EventDate "2019.??.??"]

1. d4 d5 2. c4 c6 3. Nf3 Nf6 4. Nc3 dxc4 5. a4 Bf5 6. Ne5 Nbd7 7. Nxc4 Qc7 8.
g3 e5 9. dxe5 Nxe5 10. Bf4 Nfd7 11. Bg2 f6 12. O-O Be6 13. Nxe5 Nxe5 14. Qc2
Rd8 15. Rfd1 Rxd1+ 16. Rxd1 Qf7 17. Qd2 Be7 18. Qe3 O-O 19. Qxa7 Bb4 20. Qd4 c5
21. Qe4 Nc4 22. Qc2 Nb6 23. Rd6 Bb3 24. Qd3 Bc4 25. Qf5 Bxc3 26. Rxb6 Bb4 27.
Rxb7 Qg6 28. Bd5+ Bxd5 29. Qxd5+ Kh8 30. b3 h6 31. h4 h5 32. Rd7 Qg4 33. f3 Qg6
34. Rd8 Rxd8 35. Qxd8+ Kh7 36. Qd3 f5 37. Qd5 Qf6 38. Kg2 Kh8 39. Qa8+ Kh7 40.
Qe8 Qb2 41. Qxh5+ Kg8 42. Qe8+ Kh7 43. Qe6 Qb1 44. h5 Bc3 45. g4 Qe1 46. g5 1-0

[Event "BL 1920 SG Turm Kiel - Aachener SV"]
[Site "?"]
[Date "2019.12.07"]
[Round "3.5"]
[White "Meessen, Rudolf"]
[Black "Thybo, Jesper Sondergaard"]
[Result "1-0"]
[WhiteElo "2217"]
[BlackElo "2576"]
[PlyCount "73"]
[EventDate "2019.??.??"]

1. d4 e6 2. c4 f5 3. g3 Nf6 4. Bg2 c6 5. Nf3 d5 6. O-O Bd6 7. b3 Qe7 8. Bb2 O-O
9. Qc1 b5 10. c5 Bc7 11. Ne5 a5 12. a3 Bd7 13. b4 Be8 14. Bc3 Bh5 15. Bf3 Ng4
16. Nd2 Nxe5 17. Bxh5 Qg5 18. dxe5 Qxh5 19. f4 Qxe2 20. Nf3 Kf7 21. Rf2 Qc4 22.
Qb2 axb4 23. axb4 Rxa1+ 24. Qxa1 Ke7 25. Rd2 h6 26. Qb2 Qe4 27. Kf2 g5 28. Rd4
gxf4 29. gxf4 Nd7 30. Rxe4 fxe4 31. Nh4 Rxf4+ 32. Kg3 Rf1 33. Kg2 Rd1 34. Qf2
Rd3 35. Ng6+ Ke8 36. Qh4 Bd8 37. Qh5 1-0

[Event "BL 1920 SG Turm Kiel - Aachener SV"]
[Site "?"]
[Date "2019.12.07"]
[Round "3.6"]
[White "Bjerre, Jonas Buhl"]
[Black "Begnis, Nikolaos"]
[Result "1-0"]
[WhiteElo "2526"]
[BlackElo "2279"]
[PlyCount "83"]
[EventDate "2019.??.??"]

1. e4 c5 2. Nf3 Nc6 3. d4 cxd4 4. Nxd4 e6 5. Nc3 d6 6. g4 a6 7. Be3 Bd7 8. g5
Qc7 9. h4 Nxd4 10. Qxd4 Ne7 11. O-O-O Nc6 12. Qd2 b5 13. h5 Rc8 14. Kb1 Na5 15.
a3 Rb8 16. Bf4 Nc4 17. Bxc4 bxc4 18. Ka2 Rb6 19. Be3 Rb8 20. f4 Be7 21. f5 Qb7
22. Rb1 exf5 23. Qd4 Rg8 24. Rhe1 f4 25. Bxf4 Qb6 26. Qd2 Be6 27. Nd5 Qc6 28.
Qc3 Rb5 29. Rbd1 Bd8 30. Qg3 c3 31. b3 a5 32. Rd4 Bb6 33. Rc4 Bc5 34. Qxc3 Kd7
35. a4 Rb4 36. Rd1 Rxc4 37. Qxc4 Rb8 38. Qc3 Rb4 39. Nxb4 axb4 40. Qd3 Qxa4+
41. Kb1 Qc6 42. Bxd6 1-0

[Event "BL 1920 SG Turm Kiel - Aachener SV"]
[Site "?"]
[Date "2019.12.07"]
[Round "3.7"]
[White "Ahn, Martin"]
[Black "Hector, Jonny"]
[Result "0-1"]
[WhiteElo "2156"]
[BlackElo "2475"]
[PlyCount "80"]
[EventDate "2019.??.??"]

1. e4 e5 2. Nf3 Nc6 3. d4 exd4 4. Nxd4 Qf6 5. Nb3 Qg6 6. f3 Bd6 7. g4 Nge7 8.
Nc3 O-O 9. Be3 Bb4 10. a3 Bxc3+ 11. bxc3 Qf6 12. c4 Ne5 13. Nd4 N5g6 14. Nb5
Nh4 15. Kf2 Qc6 16. Nd4 Qf6 17. Nb5 Neg6 18. Nxc7 Ne5 19. Nd5 Qd8 20. Be2 d6
21. Qd2 f6 22. Rhd1 Be6 23. Nf4 Bf7 24. Qxd6 Qxd6 25. Rxd6 Bxc4 26. Nd3 Ba6 27.
f4 Nc4 28. Rd7 Rac8 29. Bxa7 Nd2 30. Ke3 Rxc2 31. Ne1 Nc4+ 32. Bxc4+ Rxc4 33.
Bd4 Re8 34. Ra2 Bb5 35. Rxb7 Bc6 36. Rc7 Rxe4+ 37. Kf2 Rexd4 38. Rb2 Rxf4+ 39.
Kg3 Rc3+ 40. Kxf4 g5# 0-1

[Event "BL 1920 SG Turm Kiel - Aachener SV"]
[Site "?"]
[Date "2019.12.07"]
[Round "3.8"]
[White "Pajeken, Jakob Leon"]
[Black "Jablonowski, Christoph"]
[Result "1-0"]
[WhiteElo "2350"]
[BlackElo "1969"]
[PlyCount "83"]
[EventDate "2019.??.??"]

1. d4 Nf6 2. Nf3 g6 3. g3 Bg7 4. Bg2 O-O 5. O-O d6 6. b3 c5 7. c4 e5 8. dxe5
dxe5 9. Bb2 e4 10. Qxd8 Rxd8 11. Nfd2 Bf5 12. g4 Nxg4 13. Bxg7 Kxg7 14. Nxe4
Na6 15. Ng3 Rd7 16. Nxf5+ gxf5 17. Nc3 Rad8 18. Nd5 b6 19. Bh3 Nb4 20. e4 h5
21. f3 Nh6 22. Kf2 Rd6 23. Rg1+ Kf8 24. Rg5 fxe4 25. fxe4 Nxd5 26. cxd5 Re8 27.
Re1 Rf6+ 28. Ke3 Ng4+ 29. Bxg4 hxg4 30. Rxg4 Rh6 31. h4 Rh5 32. Reg1 Ke7 33.
Rf4 Rh7 34. Rg5 Reh8 35. Re5+ Kd6 36. Ref5 Ke7 37. e5 Rg8 38. d6+ Ke8 39. Ke4
Rg2 40. Kd5 Rxa2 41. Kc6 Re2 42. d7+ 1-0

[Event "BL 1920 USV TU Dresden - BCA Augsburg"]
[Site "?"]
[Date "2019.12.07"]
[Round "3.1"]
[White "Papp, Gabor"]
[Black "Almasi, Zoltan"]
[Result "1/2-1/2"]
[WhiteElo "2582"]
[BlackElo "2691"]
[PlyCount "56"]
[EventDate "2019.??.??"]

1. e4 g6 2. d4 d6 3. Nc3 Bg7 4. Be3 c6 5. Qd2 b5 6. f3 Nd7 7. h4 Ngf6 8. Bh6
Bxh6 9. Qxh6 Qa5 10. Qd2 Rb8 11. Nge2 Nb6 12. b3 b4 13. Nd1 Ba6 14. Ne3 Nh5 15.
c4 bxc3 16. Qxc3 Qxc3+ 17. Nxc3 Bxf1 18. Rxf1 Kd7 19. O-O-O Ng3 20. Rf2 f5 21.
Nf1 Nh5 22. g4 Nf4 23. Ng3 fxg4 24. fxg4 Rbf8 25. Kd2 Ne6 26. Rxf8 Rxf8 27. Ke3
d5 28. Rf1 Rxf1 1/2-1/2

[Event "BL 1920 USV TU Dresden - BCA Augsburg"]
[Site "?"]
[Date "2019.12.07"]
[Round "3.2"]
[White "Nisipeanu, Liviu-Dieter"]
[Black "Nestorovic, Nikola"]
[Result "1-0"]
[WhiteElo "2668"]
[BlackElo "2469"]
[PlyCount "45"]
[EventDate "2019.??.??"]

1. d4 Nf6 2. c4 e6 3. Nc3 Bb4 4. e3 O-O 5. Bd3 d5 6. Nf3 Nc6 7. O-O h6 8. h3 b6
9. cxd5 exd5 10. a3 Bxc3 11. bxc3 Na5 12. Ne5 c5 13. f3 Bb7 14. Ra2 Nc6 15. Ng4
Nxg4 16. fxg4 Na5 17. Raf2 Qe7 18. g5 hxg5 19. Qh5 g6 20. Bxg6 fxg6 21. Qxg6+
Qg7 22. Qe6+ Kh8 23. Rf6 1-0

[Event "BL 1920 USV TU Dresden - BCA Augsburg"]
[Site "?"]
[Date "2019.12.07"]
[Round "3.4"]
[White "Vogel, Roven"]
[Black "Rozentalis, Eduardas"]
[Result "1-0"]
[WhiteElo "2457"]
[BlackElo "2535"]
[PlyCount "105"]
[EventDate "2019.??.??"]

1. Nf3 Nf6 2. c4 b6 3. g3 Bb7 4. Bg2 e6 5. O-O Be7 6. d4 O-O 7. Nc3 Ne4 8. Bd2
Bf6 9. Rc1 d6 10. d5 Bxc3 11. Bxc3 Nxc3 12. Rxc3 e5 13. Qd2 Nd7 14. e4 a5 15.
Ne1 Ba6 16. Nc2 b5 17. cxb5 Bxb5 18. Rc1 Nc5 19. Na3 Bd7 20. Rxc5 dxc5 21. Rxc5
a4 22. Nc4 f6 23. Bf1 Ra7 24. Qc3 Qe7 25. Ne3 Qd6 26. Qa3 Rb7 27. Nc4 Qe7 28.
Qe3 Rfb8 29. h4 Be8 30. Ra5 Bb5 31. b3 Qb4 32. Ra7 axb3 33. axb3 Be8 34. Bh3
Bf7 35. Kg2 h6 36. Ra3 Rb5 37. Bd7 Be8 38. Bxb5 Bxb5 39. Qc1 Bxc4 40. bxc4 Qc5
41. Qe3 Qxc4 42. Rc3 Qa6 43. Rxc7 Rb1 44. Rc1 Rxc1 45. Qxc1 Qd3 46. Qc8+ Kf7
47. Qf5 Ke7 48. h5 Kf8 49. Kh3 Qf1+ 50. Kg4 Qe2+ 51. f3 Qd2 52. Qc8+ Kf7 53.
Qc7+ 1-0

[Event "BL 1920 USV TU Dresden - BCA Augsburg"]
[Site "?"]
[Date "2019.12.07"]
[Round "3.5"]
[White "Stankovic, Milos"]
[Black "Boensch, Uwe"]
[Result "1-0"]
[WhiteElo "2467"]
[BlackElo "2519"]
[PlyCount "89"]
[EventDate "2019.??.??"]

1. e4 c5 2. Nf3 d6 3. d4 cxd4 4. Nxd4 Nf6 5. Nc3 e6 6. g4 h6 7. Rg1 Nc6 8. Be3
Be7 9. h4 d5 10. exd5 Nxd5 11. Nxd5 exd5 12. g5 hxg5 13. hxg5 Rh4 14. Nf3 Qa5+
15. Qd2 Qxd2+ 16. Kxd2 Rg4 17. Bb5 Rxg1 18. Rxg1 Bd7 19. c3 Na5 20. Bxd7+ Kxd7
21. Bd4 Nc4+ 22. Kc2 g6 23. Re1 Bd6 24. a4 Na5 25. Ne5+ Bxe5 26. Rxe5 Kd6 27.
Re3 Nc6 28. Bf6 a6 29. b4 b5 30. a5 Kd7 31. Rf3 Re8 32. Bg7 Nd8 33. Bd4 Re6 34.
Bb6 f5 35. gxf6 Nf7 36. Bd4 Re4 37. Kd2 g5 38. Rh3 g4 39. Re3 Re6 40. Rg3 Re4
41. f3 Ng5 42. f7 Rf4 43. Rxg4 Nxf3+ 44. Ke3 Rxf7 45. Rg6 1-0

[Event "BL 1920 USV TU Dresden - BCA Augsburg"]
[Site "?"]
[Date "2019.12.07"]
[Round "3.6"]
[White "Maiwald, Jens-Uwe"]
[Black "Arnaudov, G. Petar"]
[Result "1/2-1/2"]
[WhiteElo "2443"]
[BlackElo "2478"]
[PlyCount "80"]
[EventDate "2019.??.??"]

1. e4 e5 2. Nf3 Nc6 3. Nc3 Nf6 4. g3 d5 5. exd5 Nd4 6. Bg2 Bg4 7. O-O Bb4 8.
Re1 O-O 9. Rxe5 Qd6 10. Re3 Bc5 11. d3 Rad8 12. Ne4 Nxe4 13. Rxe4 f5 14. Rxd4
Bxd4 15. c3 Bb6 16. Qb3 f4 17. Bxf4 Rxf4 18. gxf4 Rf8 19. Ne5 Bxf2+ 20. Kh1 Bc8
21. Rf1 Rxf4 22. d4 Rf8 23. Qc2 Bh4 24. Rxf8+ Qxf8 25. d6 Qxd6 26. Qb3+ Be6 27.
Qxb7 g6 28. Qxa7 Bf6 29. Qa8+ Kg7 30. Qe4 Bxa2 31. Ng4 Bg5 32. d5 Qf4 33. Qe5+
Qxe5 34. Nxe5 Kf6 35. Nd3 Be3 36. Be4 Bb1 37. Kg2 Bxd3 38. Bxd3 Bc1 39. b3 Ke5
40. c4 Ba3 1/2-1/2

[Event "BL 1920 USV TU Dresden - BCA Augsburg"]
[Site "?"]
[Date "2019.12.07"]
[Round "3.7"]
[White "Schmittdiel, Eckhard"]
[Black "Moehn, Hans"]
[Result "1-0"]
[WhiteElo "2403"]
[BlackElo "2373"]
[PlyCount "143"]
[EventDate "2019.??.??"]

1. Nf3 Nf6 2. c4 g6 3. b3 Bg7 4. Bb2 O-O 5. g3 c5 6. Bg2 Nc6 7. O-O d6 8. Nc3
e5 9. d3 Rb8 10. Ne1 Be6 11. Nd5 Ne7 12. Nxf6+ Bxf6 13. f4 Bg7 14. fxe5 dxe5
15. Nc2 Qd6 16. Qe1 f5 17. Rd1 f4 18. gxf4 exf4 19. Bxg7 Kxg7 20. Qc3+ Kg8 21.
d4 Nf5 22. dxc5 Qxc5+ 23. Kh1 Qc7 24. Nd4 Nxd4 25. Rxd4 b6 26. Qd2 Rbd8 27.
Rfxf4 Qxf4 28. Qxf4 Rxf4 29. Rxd8+ Kg7 30. Kg1 Bg4 31. e3 Rf7 32. Bd5 Rf6 33.
Kg2 h5 34. h3 Be2 35. Rd7+ Kh6 36. Rxa7 Rf1 37. Rf7 Ra1 38. e4 Bd3 39. Rf2 Kg5
40. Kf3 Re1 41. Rg2+ Kf6 42. Rd2 Bf1 43. Kf2 Rc1 44. h4 Bh3 45. Bb7 Ke5 46. Ke3
Be6 47. Rh2 Rc3+ 48. Kd2 Rg3 49. Kc2 g5 50. hxg5 Rxg5 51. Bd5 Bg4 52. Kc3 Rg7
53. b4 Rh7 54. c5 bxc5 55. b5 Kd6 56. Kc4 h4 57. e5+ Kxe5 58. Kxc5 h3 59. Bc6
Kf4 60. a4 Kg3 61. Rh1 Rh5+ 62. Kb4 Rh4 63. Kc5 Rh5+ 64. Kb6 Bf3 65. Bxf3 Kxf3
66. Ka6 Kg2 67. Rb1 Rf5 68. b6 Rf6 69. Ka7 Rf7+ 70. b7 h2 71. a5 Rf5 72. b8=Q
1-0

[Event "BL 1920 USV TU Dresden - BCA Augsburg"]
[Site "?"]
[Date "2019.12.07"]
[Round "3.8"]
[White "Urban, Konstantin"]
[Black "Pitl, Gregory"]
[Result "1/2-1/2"]
[WhiteElo "2313"]
[BlackElo "2376"]
[PlyCount "73"]
[EventDate "2019.??.??"]

1. e4 e5 2. Nf3 d6 3. d4 exd4 4. Nxd4 Nf6 5. Nc3 Be7 6. Be2 O-O 7. Bf4 Nbd7 8.
Qd2 Nc5 9. f3 d5 10. O-O-O c6 11. exd5 Nxd5 12. Nxd5 cxd5 13. Kb1 a6 14. Rhe1
Bf6 15. Bf1 Qb6 16. Be5 Rd8 17. Nb3 Nxb3 18. axb3 Bxe5 19. Rxe5 Be6 20. Qd4
Qxd4 21. Rxd4 Re8 22. Kc1 Rac8 23. Kd2 f6 24. Re3 Kf7 25. Bd3 g6 26. c3 Red8
27. Bb1 Rd6 28. Re1 Rc7 29. Ba2 Rb6 30. Kc1 a5 31. Ra4 d4 32. Rxd4 Bxb3 33.
Bxb3+ Rxb3 34. Kc2 Rb5 35. Rh4 h5 36. Rd4 Re7 37. Rxe7+ 1/2-1/2

[Event "BL 1920 SF Berlin - FC Bayern München"]
[Site "?"]
[Date "2019.12.07"]
[Round "3.1"]
[White "Huschenbeth, Niclas"]
[Black "Piorun, Kacper"]
[Result "1/2-1/2"]
[WhiteElo "2619"]
[BlackElo "2611"]
[PlyCount "71"]
[EventDate "2019.??.??"]

1. e4 c6 2. d4 d5 3. Nd2 dxe4 4. Nxe4 Bf5 5. Ng3 Bg6 6. h4 h6 7. Nf3 Nd7 8. h5
Bh7 9. Bd3 Bxd3 10. Qxd3 e6 11. Bd2 Ngf6 12. O-O-O Be7 13. Ne4 Nxe4 14. Qxe4
Nf6 15. Qd3 c5 16. Qb5+ Qd7 17. Qxd7+ Nxd7 18. Be3 cxd4 19. Bxd4 Bf6 20. Be3
Rc8 21. Rd2 Nc5 22. Rhd1 O-O 23. g4 b5 24. Bd4 Ne4 25. Re2 Bxd4 26. Nxd4 Nf6
27. Nxb5 Rc5 28. Nd6 Nxg4 29. b4 Rxh5 30. c4 Rb8 31. a3 Ne5 32. c5 Nc6 33. Rc2
a6 34. Kb2 Kf8 35. Kb3 Ke7 36. Ka4 1/2-1/2

[Event "BL 1920 SF Berlin - FC Bayern München"]
[Site "?"]
[Date "2019.12.07"]
[Round "3.2"]
[White "Tomczak, Jacek"]
[Black "Bogner, Sebastian"]
[Result "1/2-1/2"]
[WhiteElo "2605"]
[BlackElo "2565"]
[PlyCount "48"]
[EventDate "2019.??.??"]

1. e4 c6 2. d4 d5 3. e5 Bf5 4. Nf3 e6 5. Be2 c5 6. Be3 cxd4 7. Nxd4 Ne7 8. Nd2
Nbc6 9. N2b3 Nxe5 10. O-O Nc4 11. Re1 Rc8 12. Bf4 Qd7 13. Nd2 Nxd2 14. Qxd2 a6
15. Bf3 Be4 16. Bxe4 dxe4 17. Rxe4 Ng6 18. Rd1 Be7 19. Nb3 Qxd2 20. Bxd2 O-O
21. Bc3 Rfd8 22. Rxd8+ Bxd8 23. Nd2 b5 24. a4 h6 1/2-1/2

[Event "BL 1920 SF Berlin - FC Bayern München"]
[Site "?"]
[Date "2019.12.07"]
[Round "3.3"]
[White "Santos Ruiz, Miguel"]
[Black "Moranda, Wojciech"]
[Result "1/2-1/2"]
[WhiteElo "2585"]
[BlackElo "2602"]
[PlyCount "44"]
[EventDate "2019.??.??"]

1. e4 c5 2. Nf3 e6 3. d4 cxd4 4. Nxd4 Nc6 5. Nc3 Qc7 6. g3 a6 7. Bg2 Nf6 8. O-O
Nxd4 9. Qxd4 Bc5 10. Bf4 d6 11. Qd2 h6 12. Rad1 e5 13. Be3 Bg4 14. Bxc5 dxc5
15. Qd6 Qxd6 16. Rxd6 Nd7 17. f3 Be6 18. f4 O-O-O 19. f5 Bc4 20. Rfd1 Kc7 21.
Bf1 Bxf1 22. Kxf1 Nf6 1/2-1/2

[Event "BL 1920 SF Berlin - FC Bayern München"]
[Site "?"]
[Date "2019.12.07"]
[Round "3.4"]
[White "Moroni, Luca Jr"]
[Black "Bischoff, Klaus"]
[Result "1/2-1/2"]
[WhiteElo "2528"]
[BlackElo "2510"]
[PlyCount "113"]
[EventDate "2019.??.??"]

1. c4 e6 2. Nc3 d5 3. d4 Be7 4. cxd5 exd5 5. Bf4 c6 6. e3 Bf5 7. Nge2 Nd7 8. h4
Ngf6 9. Ng3 Be6 10. Bd3 g6 11. h5 Rg8 12. hxg6 hxg6 13. Nge2 Nh5 14. Bh2 Nb6
15. Qb3 Bd6 16. O-O-O Bxh2 17. Rxh2 Qd6 18. Rhh1 O-O-O 19. Kb1 Kb8 20. Ka1 Nf6
21. Nf4 Bc8 22. Be2 Bf5 23. Nd3 Nbd7 24. Nb4 Ka8 25. a4 a5 26. Nd3 Rh8 27. Na2
Ne4 28. g4 Be6 29. Nc3 Rh2 30. Rxh2 Qxh2 31. Nxe4 dxe4 32. Qc3 Qc7 33. Nf4 Nf6
34. Nxe6 fxe6 35. Rh1 Nd5 36. Qc2 Rf8 37. Bc4 Nb4 38. Qxe4 Rxf2 39. Qxe6 Qb6
40. Qd6 Ka7 41. Rh8 Nc2+ 42. Kb1 Qb4 43. Qxb4 Nxb4 44. Rh1 Nc2 45. Rh3 Nb4 46.
Rg3 g5 47. b3 Rh2 48. e4 Rh1+ 49. Kb2 Re1 50. e5 c5 51. dxc5 Rxe5 52. Rf3 Rxc5
53. Rf5 Kb6 54. Rf6+ Nc6 55. Bb5 Re5 56. Bxc6 bxc6 57. Rg6 1/2-1/2

[Event "BL 1920 SF Berlin - FC Bayern München"]
[Site "?"]
[Date "2019.12.07"]
[Round "3.5"]
[White "Johansson, Linus"]
[Black "Gumularz, Szymon"]
[Result "1/2-1/2"]
[WhiteElo "2470"]
[BlackElo "2493"]
[PlyCount "52"]
[EventDate "2019.??.??"]

1. d4 Nf6 2. c4 e6 3. Nc3 Bb4 4. e3 O-O 5. Bd3 c5 6. Nge2 d5 7. cxd5 cxd4 8.
exd4 Nxd5 9. O-O Nc6 10. Be4 Nxc3 11. bxc3 Bd6 12. Qd3 h6 13. Bf4 Bxf4 14. Nxf4
Bd7 15. Qg3 Qg5 16. d5 Qxg3 17. fxg3 Na5 18. dxe6 Bxe6 19. Nxe6 fxe6 20. Rad1
Rac8 21. Rd7 Rxf1+ 22. Kxf1 Rxc3 23. Bg6 Kf8 24. Rf7+ Kg8 25. Rd7 Kf8 26. Rf7+
Kg8 1/2-1/2

[Event "BL 1920 SF Berlin - FC Bayern München"]
[Site "?"]
[Date "2019.12.07"]
[Round "3.6"]
[White "Baldauf, Marco"]
[Black "Fedorovsky, Michael"]
[Result "1/2-1/2"]
[WhiteElo "2504"]
[BlackElo "2425"]
[PlyCount "73"]
[EventDate "2019.??.??"]

1. d4 Nf6 2. c4 e6 3. Nc3 Bb4 4. Qc2 d5 5. cxd5 exd5 6. Bg5 h6 7. Bh4 c5 8.
dxc5 O-O 9. e3 Be6 10. Nf3 Nbd7 11. Be2 Rc8 12. c6 Rxc6 13. Nd4 Rc5 14. O-O
Bxc3 15. bxc3 Qa5 16. Rac1 Rfc8 17. Qb1 Ne4 18. Nxe6 fxe6 19. Qxb7 Qc7 20. Qxc7
R8xc7 21. Bg3 Nxc3 22. Rxc3 Rxc3 23. Bxc7 Rxc7 24. Bb5 Nf6 25. Bd3 Rc3 26. Bg6
Nd7 27. h4 Ne5 28. h5 Nxg6 29. hxg6 Kf8 30. Rb1 Rc7 31. Rb4 Ke7 32. Rf4 e5 33.
Rf5 Ke6 34. Rf8 Ke7 35. Rf5 Ke6 36. Rf8 Ke7 37. Rf5 1/2-1/2

[Event "BL 1920 SF Berlin - FC Bayern München"]
[Site "?"]
[Date "2019.12.07"]
[Round "3.7"]
[White "Lokander, Martin"]
[Black "Jakubowski, Krzysztof"]
[Result "0-1"]
[WhiteElo "2397"]
[BlackElo "2503"]
[PlyCount "76"]
[EventDate "2019.??.??"]

1. Nf3 Nf6 2. c4 c5 3. Nc3 Nc6 4. e3 e6 5. d4 cxd4 6. exd4 d5 7. a3 Be7 8. c5
Ne4 9. Qc2 f5 10. Bb5 Bf6 11. O-O g5 12. Ne5 Bxe5 13. dxe5 Nxc3 14. Qxc3 f4 15.
b4 O-O 16. Qh3 a6 17. Bd3 Rf7 18. Re1 Qf8 19. Bb2 Bd7 20. Rad1 Ne7 21. Qg4 Qg7
22. Bc2 Raf8 23. Ba1 Qh6 24. Rd3 Qg6 25. Qd1 Nf5 26. Rd2 g4 27. Bb2 Qh5 28.
Bxf5 Rxf5 29. Rd4 f3 30. Re3 Bb5 31. a4 Be2 32. Rxe2 g3 33. hxg3 fxe2 34. Qe1
Rxf2 35. Qxf2 Rxf2 36. Kxf2 Qh1 37. Rg4+ Kh8 38. Kxe2 Qxg2+ 0-1

[Event "BL 1920 SF Berlin - FC Bayern München"]
[Site "?"]
[Date "2019.12.07"]
[Round "3.8"]
[White "Perske, Thore"]
[Black "Rafiee, Makan"]
[Result "0-1"]
[WhiteElo "2448"]
[BlackElo "2335"]
[PlyCount "66"]
[EventDate "2019.??.??"]

1. e4 e5 2. Nf3 Nc6 3. Bc4 Bc5 4. d3 Nf6 5. a4 a5 6. c3 O-O 7. O-O d6 8. Bg5 h6
9. Bh4 g5 10. Bg3 Nh7 11. d4 Bb6 12. dxe5 h5 13. h4 Bg4 14. hxg5 Nxg5 15. Be2
dxe5 16. Qxd8 Raxd8 17. Nxg5 Bxe2 18. Re1 Bg4 19. Kh2 f6 20. Nh3 Rf7 21. f3 Be6
22. Bf2 Bxf2 23. Nxf2 Bb3 24. Nh1 Rfd7 25. Ng3 Rd1 26. Na3 R1d2 27. Re2 h4 28.
Rxd2 hxg3+ 29. Kxg3 Rxd2 30. Nb5 Rd7 31. Kf2 Nd8 32. Ke3 c6 33. Na3 Ne6 0-1

[Event "BL 1920 OSG Baden-Baden - SG Solingen"]
[Site "?"]
[Date "2019.12.07"]
[Round "3.1"]
[White "Ragger, Markus"]
[Black "Anand, Viswanathan"]
[Result "1/2-1/2"]
[WhiteElo "2670"]
[BlackElo "2757"]
[PlyCount "47"]
[EventDate "2019.??.??"]

1. d4 Nf6 2. c4 e6 3. Nf3 d5 4. g3 Bb4+ 5. Bd2 Be7 6. Bg2 O-O 7. O-O Nbd7 8.
Qc2 c6 9. Bf4 b6 10. Rd1 Bb7 11. Ne5 Nh5 12. Bd2 Nhf6 13. Bf4 Nh5 14. Bd2 Nhf6
15. cxd5 cxd5 16. Nc6 Bxc6 17. Qxc6 Rc8 18. Qa4 Qc7 19. e3 Qc2 20. Qxc2 Rxc2
21. Bc3 b5 22. a3 Nb6 23. Bf1 Na4 24. Bd3 1/2-1/2

[Event "BL 1920 OSG Baden-Baden - SG Solingen"]
[Site "?"]
[Date "2019.12.07"]
[Round "3.2"]
[White "Wojtaszek, Radoslaw"]
[Black "L'Ami, Erwin"]
[Result "1-0"]
[WhiteElo "2725"]
[BlackElo "2609"]
[PlyCount "97"]
[EventDate "2019.??.??"]

1. d4 d5 2. c4 e6 3. Nf3 Nf6 4. g3 Bb4+ 5. Bd2 Be7 6. Bg2 O-O 7. O-O Nbd7 8.
Qc2 c6 9. Rd1 b6 10. Bf4 Bb7 11. Ne5 Nh5 12. Bd2 Nhf6 13. cxd5 cxd5 14. Nc6
Bxc6 15. Qxc6 Rc8 16. Qb5 Ne8 17. Qd3 Nd6 18. Nc3 Nf6 19. Be1 Qd7 20. Rac1 Rc7
21. Rc2 Rfc8 22. Rdc1 h6 23. e3 Bf8 24. h3 b5 25. Ne2 Nc4 26. b3 Na3 27. Rxc7
Rxc7 28. f3 Rxc1 29. Nxc1 Qc7 30. Qc3 Qxc3 31. Bxc3 Nc2 32. Kf2 Bb4 33. Bxb4
Nxb4 34. Bf1 a6 35. a3 Nc2 36. a4 bxa4 37. bxa4 Nb4 38. Nb3 Nd7 39. Ke1 e5 40.
Kd2 e4 41. fxe4 dxe4 42. Nc5 Nxc5 43. dxc5 a5 44. Kc3 Nd5+ 45. Kd4 Nc7 46. Ke5
Kf8 47. Kd6 Ne8+ 48. Kd7 Nf6+ 49. Kd8 1-0

[Event "BL 1920 OSG Baden-Baden - SG Solingen"]
[Site "?"]
[Date "2019.12.07"]
[Round "3.3"]
[White "Van Foreest, Jorden"]
[Black "Rapport, Richard"]
[Result "1/2-1/2"]
[WhiteElo "2646"]
[BlackElo "2758"]
[PlyCount "42"]
[EventDate "2019.??.??"]

1. e4 c6 2. d4 d5 3. Nd2 dxe4 4. Nxe4 Nf6 5. Nxf6+ exf6 6. c3 Bf5 7. Ne2 Bd6 8.
Ng3 Be6 9. Bd3 O-O 10. O-O g6 11. a4 a5 12. Ne4 Be7 13. Bf4 b6 14. Qe2 Re8 15.
Rfe1 f5 16. Nd2 Nd7 17. Bc4 Bg5 18. Qf3 Bxf4 19. Qxf4 Nf8 20. h3 Ra7 21. Re3
Rae7 1/2-1/2

[Event "BL 1920 OSG Baden-Baden - SG Solingen"]
[Site "?"]
[Date "2019.12.07"]
[Round "3.4"]
[White "Bacrot, Etienne"]
[Black "Andersen, Mads"]
[Result "1-0"]
[WhiteElo "2669"]
[BlackElo "2594"]
[PlyCount "127"]
[EventDate "2019.??.??"]

1. e4 c5 2. Nf3 d6 3. d4 cxd4 4. Nxd4 Nf6 5. Nc3 a6 6. Be2 e6 7. Be3 Qc7 8. Qd2
b5 9. a3 Bb7 10. f3 Nbd7 11. O-O-O d5 12. exd5 Bxd5 13. Bf4 Qb6 14. Nf5 O-O-O
15. Bg5 Ne5 16. Nxd5 Rxd5 17. Qe3 Qxe3+ 18. Nxe3 Nd3+ 19. Rxd3 Rxg5 20. b4 Nd5
21. Nxd5 Rxd5 22. Rxd5 exd5 23. Rd1 Bd6 24. Rxd5 Rd8 25. Rf5 f6 26. f4 Kd7 27.
g3 Ke7 28. Rh5 h6 29. Bd3 Kf7 30. Kb2 Bf8 31. Be4 g5 32. Rh3 Ke6 33. fxg5 fxg5
34. g4 Bg7+ 35. c3 Rd6 36. Kb3 Kd7 37. Rf3 Bf6 38. a4 Kc7 39. axb5 axb5 40. Rf5
Re6 41. Bd5 Rb6 42. Bg2 Be7 43. Bf1 Kc6 44. Re5 Bd6 45. Re6 Kc7 46. Rxh6 Be5
47. Rh7+ Kd6 48. Rh3 Rb8 49. Rh6+ Kc7 50. Rg6 Bf4 51. h3 Rb6 52. Rg7+ Kd6 53.
Rg8 Ke7 54. Rc8 Bd6 55. Rh8 Bg3 56. Rh7+ Kd6 57. Rh5 Bh4 58. Rh6+ Kc7 59. Rh7+
Kd6 60. Rf7 Be1 61. Rf3 Kc7 62. Re3 Bd2 63. Rd3 Be1 64. Rd1 1-0

[Event "BL 1920 OSG Baden-Baden - SG Solingen"]
[Site "?"]
[Date "2019.12.07"]
[Round "3.5"]
[White "Van Wely, Loek"]
[Black "Shirov, Alexei"]
[Result "1/2-1/2"]
[WhiteElo "2609"]
[BlackElo "2684"]
[PlyCount "204"]
[EventDate "2019.??.??"]

1. d4 d5 2. c4 c6 3. Nf3 Nf6 4. e3 Bf5 5. Nc3 e6 6. Nh4 Be4 7. f3 Bg6 8. Qb3
Qc7 9. Bd2 Be7 10. cxd5 Nxd5 11. Nxg6 hxg6 12. O-O-O a5 13. g3 Nxc3 14. Bxc3 a4
15. Qc2 a3 16. b3 Na6 17. e4 O-O 18. Kb1 Rfd8 19. h4 c5 20. d5 exd5 21. exd5
Bf6 22. h5 Nb4 23. Bxb4 Qe5 24. Bc3 Qxc3 25. Qxc3 Bxc3 26. hxg6 fxg6 27. d6 Kf7
28. d7 Ke7 29. Bh3 Rh8 30. Rd5 Rh5 31. Rxh5 gxh5 32. Kc2 Ba5 33. Kd3 g5 34. Kc4
Rf8 35. Kb5 Bc7 36. Re1+ Kd8 37. Kxc5 Bxg3 38. Re4 Bc7 39. Re3 Rg8 40. Be6 Rg6
41. Kd5 g4 42. fxg4 hxg4 43. Bf5 Rg8 44. Ke6 Rg7 45. Kf6 Rxd7 46. Bxd7 Kxd7 47.
Kf5 g3 48. Re6 Bd6 49. Rg6 Kc6 50. Ke4 Kc5 51. Rg5+ Kc6 52. Kd4 Bf4 53. Rg4 Bb8
54. Kc4 b5+ 55. Kd3 Kd5 56. Rg5+ Kc6 57. Kd4 Ba7+ 58. Kc3 Bb8 59. Kd3 Bf4 60.
Rg4 Bb8 61. Rg8 Bc7 62. Ke4 Kc5 63. Rc8 Kc6 64. Kf3 Kb7 65. Rg8 Kc6 66. Rg5 Bd6
67. Ke4 Bb8 68. Rg7 Bc7 69. Rg8 Kc5 70. Rg6 Bb8 71. Rg5+ Kc6 72. Kd4 Ba7+ 73.
Ke5 Bf2 74. Ke4 Kb6 75. Kd5 Ka5 76. Rg4 Kb6 77. b4 Kb7 78. Rg6 Kc7 79. Rg4 Kb6
80. Ke4 Kc6 81. Kd3 Be1 82. Ke2 Bc3 83. Kd3 Be1 84. Re4 Bf2 85. Ke2 Kd5 86. Rg4
Ke5 87. Rg5+ Kd4 88. Rxb5 Kc3 89. Rf5 Kb2 90. Rxf2 gxf2 91. b5 Kxa2 92. b6 Ka1
93. b7 a2 94. Kf1 Kb2 95. b8=Q+ Kc2 96. Qe5 Kb1 97. Qb5+ Kc2 98. Qc4+ Kb2 99.
Qb4+ Kc2 100. Qa3 Kb1 101. Qb3+ Ka1 102. Ke2 f1=Q+ 1/2-1/2

[Event "BL 1920 OSG Baden-Baden - SG Solingen"]
[Site "?"]
[Date "2019.12.07"]
[Round "3.6"]
[White "Kasimdzhanov, Rustam"]
[Black "Predojevic, Borki"]
[Result "1/2-1/2"]
[WhiteElo "2664"]
[BlackElo "2616"]
[PlyCount "66"]
[EventDate "2019.??.??"]

1. d4 d5 2. c4 c6 3. Nf3 Nf6 4. Qb3 e6 5. g3 Nbd7 6. Bg2 Bd6 7. O-O O-O 8. Nc3
dxc4 9. Qxc4 e5 10. Bg5 Nb6 11. Qd3 exd4 12. Nxd4 Be5 13. Rad1 h6 14. Bc1 Re8
15. h3 c5 16. Ndb5 Qxd3 17. exd3 a6 18. d4 axb5 19. dxe5 Rxe5 20. Bf4 Re8 21.
Nxb5 Rxa2 22. Nd6 Rf8 23. Rd2 Be6 24. Rc1 Nbd5 25. Rxc5 Nxf4 26. gxf4 b6 27.
Rc6 Rb8 28. f5 Bd7 29. Rc7 Ra5 30. Kh2 Rc5 31. Ra7 Ra5 32. Rc7 Rc5 33. Ra7 Ra5
1/2-1/2